000 00290nam a22001337a 4500
008 170530b xxu||||| |||| 00| 0 eng d
020 _a9780385523554
041 _aeng
080 _a94
100 _a17
101 _aSHH
245 _aTHE TERMINA SPY
_cCOWELL.A.S
942 _2udc
_cBK
999 _c15057
_d15057